00431pab a2200145 454500008004000000100002000040245010700060260000900167300001500176362000800191650002100199700001600220700002000236773002900256180718b2014 xxu||||| |||| 00| 0 eng d aElling, Richard aWhat should we do? Public attitudes about how local government officials should confront fiscal stress c2014 ap.380-402. aJun aLocal government aCarr, Jered aKrawczyk, Kelly aLocal Government Studies